| 000 | 00366nam a22001217a 4500 | ||
|---|---|---|---|
| 082 | _aTHE 200 | ||
| 100 |
_aSAAD AHMED _972817 |
||
| 245 | _aTH-SOF-0774-RISK ANALYSIS OF MULTI-STORY STRUCTURES USING RISK BREAKDOWN STRUCTURE | ||
| 260 |
_aNUST COLLEGE OF EME _bISLAMABAD _c2001 |
||
| 650 |
_aMS-EM-5 MSTHESIS _972537 |
||
| 700 |
_aDR ATHAR MASOOD _934805 |
||
| 942 | _cCF | ||
| 999 |
_c578797 _d578797 |
||